000 00842nam a2200289Ia 4500
001 Para_6987
003 CHAP
008 220125s1936 xx 000 0 und d
010 _a205733
040 _cCHAP
082 _aPA-C 631.4 B85
100 _aZobell, I. D.
_9171824
245 _aSoill.management and crop-production studies :
_b carbon conuntry area /
_c by I. D. Zobell
260 _aLogan, Utah :
_b Utah. Agricultural Experiment Station
300 _a22 p.
440 _aBulletin ; 270
_9171825
500 _aEnc. con otros impresos similares
650 _aSuelos
_x carbon en
_9110233
650 _aSuelos
_x EUA
_9171754
901 _aPA-C 631.4 B85
902 _aA
905 _a0000001936 0000000000 00
910 _a1936
942 _cPARA
942 _cPARA
_d1
999 _c205733
_d205733